| 000 | 00975nam a22002177a 4500 | ||
|---|---|---|---|
| 005 | 20240530110356.0 | ||
| 008 | 141022s2010 ua gr 001 0 ara d | ||
| 020 | _a9789953823225 | ||
| 040 | _aEG-CaGPL | ||
| 082 | 0 | 4 |
_221 _a323.153\ _bم ح |
| 110 | 0 | _aالمنظمة العربية لحقوق الانسان | |
| 245 | 1 |
_aحقوق الانسان فى الوطن العربى : _bتقرير المنظمة العربية لحقوق الانسان عن حالة حقوق الانسان فى الوطن العربى / _cالمنظمة العربية لحقوق الانسان |
|
| 250 | _aط1 | ||
| 260 |
_aبيروت : _bمركز دراسات الوحدة العربية ، _c2010 |
||
| 300 |
_a287 ص ؛ _c24 سم |
||
| 650 | 0 | 4 |
_aحقوق الانسان _zالعالم العربى |
| 650 | 0 | 4 | _aالحقوق السياسية |
| 650 | 0 | 4 | _aالحقوق المدنية |
| 942 |
_2ddc _cBK |
||
| 999 |
_c60177 _d60177 |
||